GZM - Linia AP wszystkie przystanki - Statystyki

Ogólne statystyki
  • Ten quiz został rozwiązany 12 razy
  • Średni wynik to 5 z 6
Statystyki odpowiedzi
Lp. Miasto Ulica Przystanek % Poprawnych
2. Katowice Dworcowa Katowice Dworzec
100%
1. Katowice Marii Goeppert-Mayer Katowice Sądowa
100%
3. Katowice Sokolska Katowice Sokolska
91%
4. Katowice al. Walentego Roździeńskiego Katowice Strefa Kultury
82%
5. ↑ Ożarowice Pyrzowice Port Lotniczy (Katowice Airport)
64%
6. Ożarowice Transportowa Pyrzowice Port Lotniczy (Katowice Airport)
55%
Nie znaleziono quizów pasujących do podanych kryteriów
Rozkład punktacji
Procent ludzi z każdym wynikiem
Percentyl według liczby udzielonych odpowiedzi
Twoja historia wyników
Nie rozwiązałeś tego quizu